Sports Quiz

Random Sports or Football Quiz

Which NFL Division - AFC Quiz Stats

 Plays Quiz Updated Apr 6, 2018

Challenge
Share
Tweet
Embed
Score 0/16 Timer 02:00
2 Plays Today
Question Answer Wrong Answers
Oakland Raiders West
92.9%
North
1.4%
South
1.8%
East
1%
Los Angeles Chargers West
92.7%
North
1.2%
South
2.1%
East
1%
Houston Texans South
91.2%
North
1.3%
East
0.9%
West
3.6%
Denver Broncos West
90.7%
North
2.7%
South
2.4%
East
1.3%
Jacksonville Jaguars South
90.4%
North
1.5%
East
3.9%
West
1.4%
Cleveland Browns North
90.3%
South
1.7%
East
3.8%
West
1.3%
Cincinnati Bengals North
89.5%
South
2.6%
East
3.4%
West
1.4%
New England Patriots East
89.3%
North
6.3%
South
0.9%
West
0.5%
Tennessee Titans South
89.1%
North
2.2%
East
4%
West
1.8%
New York Jets East
89.1%
North
6.1%
South
1.3%
West
0.6%
Pittsburgh Steelers North
88.2%
South
1.4%
East
6.6%
West
0.9%
Kansas City Chiefs West
85.8%
North
3.5%
South
6.1%
East
1.9%
Buffalo Bills East
85%
North
9.9%
South
1.6%
West
0.8%
Baltimore Ravens North
83.3%
South
3.4%
East
9.4%
West
1%
Miami Dolphins East
78.4%
North
1.7%
South
16.2%
West
0.9%
Indianapolis Colts South
76.9%
North
12.7%
East
4.2%
West
3.4%

You're not logged in!

Compare scores with friends on all Sporcle quizzes.
Join for Free
OR
Log In

You Might Also Like...

Show Comments

Extras

Top Quizzes Today


Score Distribution

Your Account Isn't Verified!

In order to create a playlist on Sporcle, you need to verify the email address you used during registration. Go to your Sporcle Settings to finish the process.

Report this User

Report this user for behavior that violates our Community Guidelines.

Details: